My life with Mikhail Bulgakov /

Bibliographic Details
Main Author: Belozerskai͡a-Bulgakova, L. E.
Format: Book
Language:English
Published: Ann Arbor : Ardis, [1983]
Subjects:

MARC

Tag First Indicator Second Indicator Subfields
LEADER 00000cam a2200000 a 4500
001 in00000521908
005 20151013075009.0
008 840112s1983 miua 00010aeng d
020 |a 0882334336 
020 |a 0882334344 
035 |a (OCoLC)10291499 
035 |9 ACE7789AM 
040 |a VYF  |c VYF  |d TXA  |d UtOrBLW 
041 1 |a eng  |h rus 
043 |a e-ur-ru 
049 |a TXAM  |c [272007] 
090 |a PG3476.B78  |b B4 1983 
100 1 |a Belozerskai͡a-Bulgakova, L. E. 
240 1 0 |a O, med vospominaniĭ.  |l English 
245 1 0 |a My life with Mikhail Bulgakov /  |c Lyubov Belozerskaya-Bulgakova ; translated by Margareta Thompson. 
264 1 |a Ann Arbor :  |b Ardis,  |c [1983] 
264 4 |c ©1983 
300 |a 136 pages :  |b illustrations ;  |c 23 cm. 
336 |a text  |b txt  |2 rdacontent 
337 |a unmediated  |b n  |2 rdamedia 
338 |a volume  |b nc  |2 rdacarrier 
500 |a Translation of: O, med vospominanii. 
600 1 0 |a Bulgakov, Mikhail,  |d 1891-1940. 
651 0 |a Moscow (Russia)  |x Intellectual life. 
999 |a MARS 
999 f f |s 1effd4fa-c440-3876-a317-57a57508ebaa  |i 91be11b5-f389-3048-a58f-fb9ac6c0e1e8  |t 0 
952 f f |p ric  |a Texas A&M University  |b Rellis Campus  |c Joint Library Facility  |d Remote Storage  |t 0  |e PG3476.B78 B4 1983  |h Library of Congress classification  |i unmediated -- volume  |m A14807889729 
998 f f |a PG3476.B78 B4 1983  |t 0  |l Remote Storage